Music Quiz

Random Music or Song Quiz

100 Greatest Singers Quiz Stats

 Plays Quiz Updated Jul 14, 2017

     
Support Sporcle.
Go Orange.
Score 0/100 Timer 10:00
4 Plays Today
Rank Singer % Correct
3.Elvis Presley
90.8%
1.Aretha Franklin
88.7%
25.Michael Jackson
87.8%
5.John Lennon
87.1%
38.Elton John
83.3%
11.Paul McCartney
73.8%
18.Freddie Mercury
73.7%
21.Johnny Cash
73.3%
16.Mick Jagger
69.7%
34.Whitney Houston
68.5%
9.Stevie Wonder
68.1%
36.Bruce Springsteen
68.1%
45.Kurt Cobain
68.1%
7.Bob Dylan
67.3%
24.Van Morrison
66.2%
19.Bob Marley
63.8%
47.Jim Morrison
63.2%
30.Prince
59.2%
23.David Bowie
58.2%
17.Tina Turner
58%
73.Dolly Parton
56.5%
6.Marvin Gaye
55.9%
59.Rod Stewart
55.3%
13.Roy Orbison
55.2%
64.Axl Rose
55.1%
8.Otis Redding
55.1%
32.Bono
55%
99.Steven Tyler
54.7%
10.James Brown
54.6%
15.Robert Plant
54%
12.Little Richard
50.3%
86.Art Garfunkel
49.9%
67.Jerry Lee Lewis
48.4%
41.Chuck Berry
47.8%
Rank Singer % Correct
22.Etta James
47.4%
52.Brian Wilson
43.5%
2.Ray Charles
41.1%
28.Janis Joplin
40.9%
37.Neil Young
40.3%
26.Jackie Wilson
39.5%
74.James Taylor
38.2%
14.Al Green
35.5%
20.Smokey Robinson
35.3%
48.Buddy Holly
34.9%
79.Mariah Carey
34.3%
42.Joni Mitchell
34.1%
58.Christina Aguilera
33.4%
76.Steve Perry
33.3%
63.Dion
32.1%
51.Gladys Knight
31.3%
87.Don Henley
30.8%
88.Willie Nelson
30.1%
62.Lou Reed
30%
83.Patti Smith
28.6%
39.Jeff Buckley
28.1%
72.John Fogerty
28.1%
61.Roger Daltrey
28%
98.Stevie Nicks
26.8%
96.B.B. King
25.2%
33.Steve Winwood
25.1%
4.Sam Cooke
25%
50.Bonnie Raitt
24.6%
93.Annie Lennox
24.4%
66.Thom Yorke
23.2%
75.Iggy Pop
22.8%
46.Patsy Cline
22.5%
43.George Jones
20.5%
80.Frankie Valli
20.3%
Rank Singer % Correct
97.Joe Cocker
20.2%
35.Dusty Springfield
19.3%
95.Patti LaBelle
18.6%
27.Hank Williams
18.1%
90.The Everly Brothers
17.8%
78.Sly Stone
17.6%
94.Karen Carpenter
17.5%
70.Gregg Allman
17.3%
60.Björk
17.2%
57.Eric Burdon
15%
40.Curtis Mayfield
14.8%
77.Merle Haggard
13.8%
68.Wilson Pickett
13.8%
69.Ronnie Spector
12%
29.Nina Simone
10.7%
53.Muddy Waters
10.3%
91.Levon Helm
9.8%
84.Darlene Love
8.3%
31.Howlin' Wolf
8.1%
100.Mary J. Blige
8%
92.Morrissey
7.1%
65.David Ruffin
7%
54.Luther Vandross
6.9%
56.Mavis Staples
6.8%
82.Tom Waits
6.3%
55.Paul Rodgers
6.1%
81.John Lee Hooker
5.7%
85.Sam Moore
5.1%
49.Donny Hathaway
3.8%
89.Solomon Burke
3.7%
44.Bobby 'Blue' Bland
2.6%
71.Toots Hibbert
2.1%

From the Vault

European Countries by Borders

by Treverbeast454

Everybody in Europe is just so cozy.
Remove Ads.
Support Sporcle.
Get the best of Sporcle when you Go Orange. This ad-free experience offers more features, more stats, and more fun while also helping to support Sporcle. Thank you for becoming a member.

Show Comments

Extras

Top Quizzes Today


Score Distribution

Your Account Isn't Verified!

In order to create a playlist on Sporcle, you need to verify the email address you used during registration. Go to your Sporcle Settings to finish the process.

Report this User

Report this user for behavior that violates our Community Guidelines.

Details: